000 00667nam a2200229Ia 4500
005 20241129111327.0
008 241129s9999||||xx |||||||||||||| ||und||
020 _a978-1-78330-632-9
037 _aTB
040 _aCRL
_beng
_cCRL
041 _aeng
_2eng
084 _a2:7 R3
_qCRL
100 _aCassell Kay Ann Au.; Hiremath Uma Au.
_9724087
245 0 _aReference and information services: an introduction
_cCassell Kay Ann Au.; Hiremath Uma Au.
250 _a5th
260 _aLondon, UK
_bFacet Publishing
_c2023
300 _axii,522p.
365 _aUKP
_b65
650 _aLibrary Science
942 _cTB
_h2:7 R3
999 _c1229940
_d1229940